[Event "4MCRV_F"]
[Site "?"]
[Date "2004.??.??"]
[Round "?"]
[White "Hladecek, Miloslav"]
[Black "Sykora, Josef"]
[Result "1/2-1/2"]
[WhiteElo "2283"]
[BlackElo "2399"]
[PlyCount "92"]
[EventDate "2004.??.??"]
[EventType "corr"]
[SourceDate "2004.06.03"]

1. e4 c6 2. d4 d5 3. e5 Bf5 4. Nf3 e6 5. Nbd2 c5 6. dxc5 Bxc5 7. Nb3 Bb6 8.
Nbd4 Bg4 9. c3 Nd7 10. Qa4 Ne7 11. Bg5 h6 12. Bh4 Bxf3 13. Nxf3 Qc7 14. Bb5 g5
15. Bg3 O-O-O 16. Bxd7+ Qxd7 17. Qxd7+ Kxd7 18. h3 Rhg8 19. a4 Nf5 20. a5 Bc7
21. Bh2 g4 22. Nd4 g3 23. Nxf5 gxh2 24. Nxh6 Rxg2 25. Ng4 Rg1+ 26. Ke2 Rxa1 27.
Rxa1 Rh8 28. Nxh2 Bxe5 29. Nf3 Bf6 30. h4 e5 31. c4 dxc4 32. Ra4 e4 33. Nd2
Bxb2 34. Rxc4 Bf6 35. Nxe4 Bxh4 36. Nc5+ Kc6 37. Nd3+ Kd6 38. Rd4+ Kc7 39. Rf4
f6 40. Rc4+ Kd7 41. Kf3 b6 42. axb6 axb6 43. Kg4 Kd6 44. Rc2 b5 45. Rb2 Kc6 46.
f4 Rh7 1/2-1/2

[Event "4MCRV_F"]
[Site "?"]
[Date "2004.??.??"]
[Round "?"]
[White "Hladecek, Miloslav"]
[Black "Valak, Alois"]
[Result "1-0"]
[WhiteElo "2283"]
[BlackElo "2250"]
[PlyCount "101"]
[EventDate "2004.??.??"]
[EventType "corr"]
[SourceDate "2004.06.03"]

1. e4 c5 2. Nf3 Nc6 3. d4 cxd4 4. Nxd4 Nf6 5. Nc3 d6 6. Bb5 Bd7 7. O-O e6 8.
Be3 Be7 9. f4 O-O 10. Nb3 a6 11. Be2 b5 12. a3 Qc7 13. Bf3 Bc8 14. Qe1 Bb7 15.
Rd1 Nd7 16. Qg3 Kh8 17. Nd4 Na5 18. Nde2 Nc4 19. Bc1 Qc5+ 20. Kh1 Rac8 21. Qh3
Qc7 22. f5 exf5 23. exf5 Nf6 24. Nf4 Bxf3 25. Rxf3 Rfe8 26. Nfd5 Qb7 27. Rfd3
Bd8 28. Qg3 Ne5 29. Rd4 Nc4 30. R4d3 Qd7 31. Rf1 Ne5 32. Rd2 Rc4 33. b3 Rg4 34.
Qf2 Qc6 35. h3 Rh4 36. Bb2 Rh5 37. Kg1 Ba5 38. Rd4 Bxc3 39. Nxc3 Qc7 40. Nd5
Nxd5 41. Rxd5 f6 42. Rfd1 Nf7 43. Kh2 Qd7 44. R1d4 Re5 45. g4 Rh6 46. Rd3 Re4
47. R5d4 Re5 48. Rxd6 Nxd6 49. Bxe5 fxe5 50. g5 Rh5 51. Qb6 1-0

[Event "4MCRV_F"]
[Site "?"]
[Date "2004.??.??"]
[Round "?"]
[White "Hladecek, Miloslav"]
[Black "Vondracek, Emil"]
[Result "1-0"]
[WhiteElo "2283"]
[BlackElo "2286"]
[PlyCount "85"]
[EventDate "2004.??.??"]
[EventType "corr"]
[SourceDate "2004.06.03"]

1. e4 e5 2. Nf3 Nc6 3. Bc4 Bc5 4. d3 Nf6 5. O-O d6 6. c3 O-O 7. b4 Bb6 8. a4 a5
9. b5 Ne7 10. Bg5 Ng6 11. Nbd2 h6 12. Be3 Bxe3 13. fxe3 c6 14. d4 d5 15. Bd3
cxb5 16. axb5 Re8 17. Qc2 Qe7 18. Rae1 Bg4 19. h3 Bxf3 20. Rxf3 Nh4 21. Rf2
Rac8 22. c4 Qd7 23. Qc3 dxe4 24. Nxe4 Nxe4 25. Bxe4 Qxb5 26. c5 b6 27. Rb2 Qa6
28. c6 exd4 29. exd4 b5 30. d5 Qb6+ 31. Kh1 b4 32. d6 Rxe4 33. Rxe4 Rxc6 34.
Qd4 Qb8 35. Rd2 Nf5 36. d7 Ng3+ 37. Kg1 Rc1+ 38. Rd1 Rxd1+ 39. Qxd1 Qb6+ 40.
Kh2 Nf1+ 41. Qxf1 Qd6+ 42. Qf4 Qxd7 43. Qe5 1-0

[Event "4MCRV_F"]
[Site "?"]
[Date "2004.??.??"]
[Round "?"]
[White "Kostal, Jindrich"]
[Black "Brousek, Jiri"]
[Result "1/2-1/2"]
[WhiteElo "2390"]
[BlackElo "2361"]
[PlyCount "84"]
[EventDate "2004.??.??"]
[EventType "corr"]
[SourceDate "2004.06.03"]

1. e4 e6 2. d4 d5 3. e5 c5 4. c3 Qb6 5. Nf3 Bd7 6. a3 Nc6 7. b4 cxd4 8. cxd4
Rc8 9. Bb2 Nge7 10. Nc3 Na5 11. Na4 Qc6 12. Nc5 Nc4 13. Bc1 b6 14. Nxd7 Qxd7
15. Be2 Nc6 16. O-O b5 17. Bg5 Be7 18. Bxe7 Qxe7 19. Bxc4 dxc4 20. d5 exd5 21.
Qxd5 a6 22. Rad1 O-O 23. Qe4 Rfe8 24. Rfe1 h6 25. Rd5 Qe6 26. Nd4 Nxd4 27. Qxd4
c3 28. Qd3 c2 29. Rc1 Rc4 30. Kf1 Rec8 31. Rd8+ Rxd8 32. Qxd8+ Kh7 33. Qd3+ Qg6
34. Qe2 Qf5 35. Kg1 Rc3 36. g3 h5 37. h4 Rc4 38. Qe3 Qg4 39. Qd3+ Qg6 40. Qe2
Kg8 41. Kh2 Qf5 42. Kg2 Rc8 1/2-1/2

[Event "4MCRV_F"]
[Site "?"]
[Date "2004.??.??"]
[Round "?"]
[White "Kostal, Jindrich"]
[Black "Dedina, Miroslav"]
[Result "1-0"]
[WhiteElo "2390"]
[BlackElo "2297"]
[PlyCount "79"]
[EventDate "2004.??.??"]
[EventType "corr"]
[SourceDate "2004.06.03"]

1. e4 e5 2. Nf3 Nc6 3. Bb5 a6 4. Ba4 Nf6 5. O-O b5 6. Bb3 Bb7 7. Re1 Bc5 8. c3
d6 9. d4 Bb6 10. Bg5 O-O 11. a4 h6 12. Bh4 exd4 13. cxd4 Re8 14. d5 Na5 15. Bc2
b4 16. Nbd2 g5 17. Nxg5 hxg5 18. Bxg5 Bd4 19. Rb1 c6 20. Nf3 Be5 21. Qd2 cxd5
22. exd5 Nc4 23. Qxb4 Bxd5 24. Nxe5 Rxe5 25. Rxe5 dxe5 26. Rd1 Rc8 27. Qc3 Qd6
28. Bxf6 Qxf6 29. Rxd5 Nd6 30. Qd2 Nc4 31. Qe2 Kf8 32. h3 Qe6 33. Qh5 Qxd5 34.
Qh8+ Ke7 35. Qxc8 Nd6 36. Qxa6 Qd4 37. b3 Qc3 38. Qe2 e4 39. h4 f5 40. g4 1-0

[Event "4MCRV_F"]
[Site "?"]
[Date "2004.??.??"]
[Round "?"]
[White "Kostal, Jindrich"]
[Black "Hladecek, Miloslav"]
[Result "1/2-1/2"]
[WhiteElo "2390"]
[BlackElo "2284"]
[PlyCount "103"]
[EventDate "2004.??.??"]
[EventType "corr"]
[SourceDate "2004.06.03"]

1. e4 e6 2. d4 d5 3. e5 c5 4. c3 Nc6 5. Nf3 Qb6 6. Be2 cxd4 7. cxd4 Nge7 8. Nc3
Nf5 9. Na4 Bb4+ 10. Kf1 Qd8 11. h4 Be7 12. h5 h6 13. Nc3 O-O 14. Rh3 Bd7 15.
Kg1 Rc8 16. Bd3 Nfxd4 17. Nxd4 Nxd4 18. Rg3 Bg5 19. Bxg5 hxg5 20. h6 f5 21. Qh5
Be8 22. Qxg5 Qxg5 23. Rxg5 Rf7 24. f4 Kh7 25. hxg7 Rxg7 26. Rxg7+ Kxg7 27. Kf2
Nc6 28. a3 Na5 29. Ne2 Nb3 30. Rh1 Rc6 31. g4 fxg4 32. Rh7+ Kf8 33. Rh8+ Ke7
34. Kg3 Nc1 35. Nxc1 Rxc1 36. Rh7+ Kf8 37. f5 Rg1+ 38. Kf4 g3 39. f6 Re1 40.
Rg7 Rh1 41. Rxg3 Rh4+ 42. Rg4 Rh3 43. Bf1 Rh5 44. Rg5 Rh4+ 45. Kf3 a5 46. Bg2
b5 47. Kg3 Rc4 48. Bh3 Bf7 49. Bf1 Rc2 50. Bxb5 Rxb2 51. a4 Rb3+ 52. Kf2
1/2-1/2

[Event "4MCRV_F"]
[Site "?"]
[Date "2004.??.??"]
[Round "?"]
[White "Kostal, Jindrich"]
[Black "Kuta, Jiri"]
[Result "1/2-1/2"]
[WhiteElo "2390"]
[BlackElo "2322"]
[PlyCount "82"]
[EventDate "2004.??.??"]
[EventType "corr"]
[SourceDate "2004.06.03"]

1. e4 c5 2. Nf3 Nc6 3. d4 cxd4 4. Nxd4 Nf6 5. Nc3 e5 6. Ndb5 d6 7. Bg5 a6 8.
Na3 b5 9. Bxf6 gxf6 10. Nd5 f5 11. c3 Bg7 12. exf5 Bxf5 13. Nc2 Be6 14. g3 O-O
15. Bg2 a5 16. O-O Rb8 17. Qd2 Qd7 18. Rad1 f5 19. Rfe1 Kh8 20. Nf4 Bf7 21.
Qxd6 Qxd6 22. Rxd6 exf4 23. Bxc6 fxg3 24. hxg3 b4 25. Nd4 bxc3 26. bxc3 Bxa2
27. Ra1 Be5 28. Rd7 Rb1+ 29. Rxb1 Bxb1 30. Ne6 Rg8 31. c4 f4 32. Rd5 Bc3 33.
Nxf4 Be4 34. Rd6 Bxc6 35. Rxc6 Ra8 36. Re6 a4 37. Re2 a3 38. Ra2 Bb4 39. Kf1
Ra4 40. Nd3 Be7 41. c5 Kg7 1/2-1/2

[Event "4MCRV_F"]
[Site "?"]
[Date "2004.??.??"]
[Round "?"]
[White "Kostal, Jindrich"]
[Black "Pravec, Ladislav"]
[Result "1-0"]
[WhiteElo "2405"]
[BlackElo "2350"]
[PlyCount "79"]
[EventDate "2004.??.??"]
[EventType "corr"]
[SourceDate "2004.06.03"]

1. e4 c5 2. Nf3 Nc6 3. d4 cxd4 4. Nxd4 Nf6 5. Nc3 d6 6. Bg5 e6 7. Qd2 Be7 8.
O-O-O O-O 9. f4 h6 10. Bh4 e5 11. Nf5 Bxf5 12. exf5 exf4 13. Kb1 d5 14. Bxf6
Bxf6 15. Nxd5 Be5 16. f6 Bxf6 17. Qxf4 Be5 18. Qf3 Re8 19. g3 Qa5 20. c3 Ne7
21. Ne3 Rac8 22. Bc4 Bf6 23. Rhf1 Red8 24. Rxd8+ Qxd8 25. Bb3 Kf8 26. a3 Rc7
27. Qe4 Qe8 28. Qb4 Qd8 29. Ka2 Rd7 30. Ng4 a5 31. Qc4 Ng6 32. Qc5+ Rd6 33.
Nxf6 gxf6 34. Rd1 Ke7 35. Rxd6 Qxd6 36. Qxa5 Ne5 37. Qa7 Qc6 38. Qd4 Ke8 39.
Bd5 Qd7 40. c4 1-0

[Event "4MCRV_F"]
[Site "?"]
[Date "2004.??.??"]
[Round "?"]
[White "Kostal, Jindrich"]
[Black "Schwarz, Jan"]
[Result "1-0"]
[WhiteElo "2390"]
[BlackElo "2270"]
[PlyCount "101"]
[EventDate "2004.??.??"]
[EventType "corr"]
[SourceDate "2004.06.03"]

1. e4 c5 2. Nf3 d6 3. d4 Nf6 4. Nc3 cxd4 5. Nxd4 a6 6. Bg5 e6 7. Qd2 Be7 8.
O-O-O b5 9. a3 Bb7 10. f3 Nbd7 11. Be3 Rc8 12. g4 Nb6 13. g5 Nfd7 14. h4 Ne5
15. Qe1 Nec4 16. Bf2 Qc7 17. Rd3 d5 18. Bg3 Bd6 19. Bxd6 Qxd6 20. exd5 Nxd5 21.
Nxd5 Bxd5 22. Qb4 Qf4+ 23. Kb1 Ne5 24. Rd1 Ng4 25. Bxb5+ axb5 26. fxg4 Bxh1 27.
Rxh1 Rb8 28. Qc5 Qe4 29. Rf1 Qd5 30. Qxd5 exd5 31. Rf5 h5 32. gxh5 Rxh5 33.
Re5+ Kd7 34. Rxd5+ Kc8 35. Nxb5 Rxh4 36. b4 Kb7 37. Kb2 f6 38. gxf6 gxf6 39. c3
Ra8 40. Kb3 Rh1 41. Rd7+ Kc8 42. Rf7 Ra6 43. a4 Rb1+ 44. Kc2 Rg1 45. a5 Rg3 46.
Nd4 Rh3 47. Kb3 Re3 48. Kc4 Re5 49. Nb3 Rc6+ 50. Nc5 f5 51. Kd4 1-0

[Event "4MCRV_F"]
[Site "?"]
[Date "2004.??.??"]
[Round "?"]
[White "Kostal, Jindrich"]
[Black "Vondracek, Emil"]
[Result "1-0"]
[WhiteElo "2390"]
[BlackElo "2286"]
[PlyCount "103"]
[EventDate "2004.??.??"]
[EventType "corr"]
[SourceDate "2004.06.03"]

1. e4 e6 2. d4 d5 3. e5 c5 4. Nc3 Nc6 5. Nf3 Qb6 6. Be3 Bd7 7. dxc5 Bxc5 8.
Bxc5 Qxc5 9. Bd3 Nge7 10. O-O Ng6 11. Re1 O-O 12. Qd2 Rac8 13. Rad1 Nb4 14.
Bxg6 fxg6 15. a3 Nc6 16. Qe3 Qxe3 17. Rxe3 d4 18. Nxd4 Nxd4 19. Rxd4 Bc6 20.
Ne2 Bd5 21. Rd2 g5 22. Nd4 a6 23. h3 b5 24. c3 Rc4 25. Rd1 Re8 26. Kh2 Rec8 27.
Kg3 h6 28. Rc1 Kf7 29. f3 Bb7 30. Rd1 Bd5 31. Ree1 Ke7 32. Kg4 R4c7 33. Rd3 g6
34. Rd2 Rf8 35. Kg3 Bb7 36. Nc2 Rf4 37. Nd4 Rf7 38. h4 gxh4+ 39. Kxh4 Rd7 40.
Rh1 Rd5 41. Re2 Rd8 42. Kg4 Rh8 43. Rd2 Rff8 44. Rhd1 Rd8 45. Ne2 Rxd2 46. Rxd2
Rc8 47. Rd6 Rc5 48. Rb6 Bc8 49. Nd4 Rd5 50. Kf4 g5+ 51. Ke4 Rc5 52. g3 1-0

[Event "4MCRV_F"]
[Site "?"]
[Date "2004.??.??"]
[Round "?"]
[White "Kostal, Jindrich"]
[Black "Vozda, Jindrich"]
[Result "1/2-1/2"]
[WhiteElo "2405"]
[BlackElo "2494"]
[PlyCount "71"]
[EventDate "2004.??.??"]
[EventType "corr"]
[SourceDate "2004.06.03"]

1. e4 e5 2. Nf3 Nc6 3. Bb5 a6 4. Ba4 Nf6 5. O-O Be7 6. Re1 b5 7. Bb3 O-O 8. h3
Bb7 9. d3 d6 10. a3 Nb8 11. c4 bxc4 12. Bxc4 c5 13. Nc3 Nc6 14. Rb1 a5 15. b3
Bc8 16. Bd2 Rb8 17. Ng5 h6 18. Nf3 Be6 19. Nd5 Re8 20. Ne3 Rb7 21. Bxe6 fxe6
22. Nc4 Qc7 23. Bc3 Reb8 24. Nfd2 Rf8 25. Nf3 Rb5 26. Nfd2 Kh7 27. a4 Rb7 28.
Na3 Ne8 29. Ndc4 Qd8 30. Nb5 Bh4 31. Rb2 Rbf7 32. Rf1 Rf4 33. Re2 R4f7 34. Ra2
Rf4 35. Rc2 g6 36. Re2 1/2-1/2

[Event "4MCRV_F"]
[Site "?"]
[Date "2004.??.??"]
[Round "?"]
[White "Kuchta, Jiri"]
[Black "Bucek, Jiri"]
[Result "1/2-1/2"]
[WhiteElo "2284"]
[BlackElo "2336"]
[PlyCount "73"]
[EventDate "2004.??.??"]
[EventType "corr"]
[SourceDate "2004.06.03"]

1. Nf3 Nf6 2. g3 d5 3. Bg2 c6 4. O-O Bg4 5. d4 Nbd7 6. Nbd2 e6 7. c4 Bd6 8. h3
Bh5 9. Qb3 Qb6 10. Qe3 Qc7 11. b3 O-O 12. Bb2 Rad8 13. Ne5 dxc4 14. Nxd7 Nxd7
15. Nxc4 Be7 16. f4 Nb6 17. Nxb6 axb6 18. a4 Bg6 19. Qc3 Rd7 20. b4 Rfd8 21. a5
bxa5 22. bxa5 h6 23. Ra4 c5 24. Rc4 cxd4 25. Qxd4 Rxd4 26. Rxc7 R4d7 27. Rxd7
Rxd7 28. Rc1 Bb4 29. Rc8+ Kh7 30. Bc3 Rd1+ 31. Kf2 Rc1 32. Bxb4 Rxc8 33. Bxb7
Rc4 34. a6 Rxb4 35. a7 Ra4 36. a8=Q Rxa8 37. Bxa8 1/2-1/2

[Event "4MCRV_F"]
[Site "?"]
[Date "2004.??.??"]
[Round "?"]
[White "Kuchta, Jiri"]
[Black "Hladecek, Miloslav"]
[Result "1/2-1/2"]
[WhiteElo "2284"]
[BlackElo "2283"]
[PlyCount "49"]
[EventDate "2004.??.??"]
[EventType "corr"]
[SourceDate "2004.06.03"]

1. Nf3 Nf6 2. g3 d5 3. Bg2 Nbd7 4. d4 e6 5. c4 dxc4 6. Nbd2 Nb6 7. O-O c5 8.
Nxc4 Nxc4 9. Qa4+ Bd7 10. Qxc4 cxd4 11. Qxd4 Bc6 12. Be3 Qxd4 13. Bxd4 Bd6 14.
Rfd1 Ke7 15. h3 Rhc8 16. Bxf6+ gxf6 17. Rd2 Ba4 18. b3 Be8 19. Nd4 Rc7 20. Rad1
Bc5 21. Rc2 Rac8 22. Rdc1 Kd6 23. e3 Bxd4 24. Rxc7 Rxc7 25. Rxc7 1/2-1/2

[Event "4MCRV_F"]
[Site "?"]
[Date "2004.??.??"]
[Round "?"]
[White "Kuchta, Jiri"]
[Black "Kostal, Jindrich"]
[Result "0-1"]
[WhiteElo "2284"]
[BlackElo "2390"]
[PlyCount "96"]
[EventDate "2004.??.??"]
[EventType "corr"]
[SourceDate "2004.06.03"]

1. Nf3 Nf6 2. g3 g6 3. Bg2 Bg7 4. O-O O-O 5. d4 d5 6. Nbd2 Bf5 7. c3 c6 8. h3
Qc8 9. g4 Be6 10. Ne5 h5 11. f3 c5 12. Nb3 b6 13. Bg5 a5 14. a4 Nbd7 15. e3
hxg4 16. hxg4 Re8 17. Bf4 Nh7 18. Nd2 Nxe5 19. Bxe5 Bxe5 20. dxe5 Qd7 21. Rf2
Kg7 22. f4 Rad8 23. Bf3 f6 24. e4 dxe4 25. Bxe4 Bxg4 26. Qc2 Rh8 27. Rg2 f5 28.
Bf3 Nf8 29. Bxg4 fxg4 30. Nc4 Qf5 31. Qxf5 gxf5 32. Rh2 Rxh2 33. Kxh2 Ng6 34.
Rf1 Rd3 35. Kg1 g3 36. Nxb6 Kh6 37. Nc4 Kh5 38. Nxa5 Kg4 39. e6 Re3 40. Nc4 Re2
41. Ne5+ Nxe5 42. fxe5 f4 43. a5 f3 44. a6 Rg2+ 45. Kh1 Rh2+ 46. Kg1 f2+ 47.
Rxf2 gxf2+ 48. Kxh2 f1=Q 0-1

[Event "4MCRV_F"]
[Site "?"]
[Date "2004.??.??"]
[Round "?"]
[White "Kuchta, Jiri"]
[Black "Nosek, Jaroslav"]
[Result "1/2-1/2"]
[WhiteElo "2284"]
[BlackElo "2297"]
[PlyCount "48"]
[EventDate "2004.??.??"]
[EventType "corr"]
[SourceDate "2004.06.03"]

1. Nf3 Nf6 2. g3 b5 3. Bg2 Bb7 4. d4 e6 5. O-O c5 6. c3 cxd4 7. cxd4 Be7 8. Bg5
O-O 9. Qd3 Qb6 10. Nc3 b4 11. Na4 Qa6 12. Nc5 Qxd3 13. Nxd3 a5 14. Rfc1 h6 15.
Bxf6 Bxf6 16. e3 Ra7 17. Nd2 d5 18. a3 bxa3 19. Rxa3 Be7 20. Nc5 Rc8 21. Ncb3
a4 22. Raa1 Rc6 23. Rc3 Nd7 24. Rxa4 Rxa4 1/2-1/2

[Event "4MCRV_F"]
[Site "?"]
[Date "2004.??.??"]
[Round "?"]
[White "Kuchta, Jiri"]
[Black "Priesol, Daniel"]
[Result "1/2-1/2"]
[WhiteElo "2284"]
[BlackElo "2304"]
[PlyCount "60"]
[EventDate "2004.??.??"]
[EventType "corr"]
[SourceDate "2004.06.03"]

1. Nf3 Nf6 2. g3 g6 3. Bg2 Bg7 4. O-O O-O 5. d4 d5 6. Nbd2 c6 7. h3 Na6 8. c3
Re8 9. Ne5 Qc7 10. g4 Nd7 11. f4 Nxe5 12. fxe5 Be6 13. Nf3 f6 14. Bf4 Qd7 15.
Qd2 g5 16. Bg3 Rf8 17. Rae1 h6 18. exf6 exf6 19. Kh2 Rae8 20. Qc2 Rf7 21. e4
dxe4 22. Nd2 f5 23. gxf5 Bxf5 24. Nxe4 Ree7 25. Qd1 Bf8 26. Qh5 Re6 27. b4 Nc7
28. Be5 Bg6 29. Qe2 Nd5 30. Rxf7 Qxf7 1/2-1/2

[Event "4MCRV_F"]
[Site "?"]
[Date "2004.??.??"]
[Round "?"]
[White "Kuchta, Jiri"]
[Black "Pytlik, Lesek"]
[Result "1/2-1/2"]
[WhiteElo "2283"]
[BlackElo "2361"]
[PlyCount "72"]
[EventDate "2004.??.??"]
[EventType "corr"]
[SourceDate "2004.06.03"]

1. Nf3 Nf6 2. g3 g6 3. Bg2 Bg7 4. O-O O-O 5. d4 c5 6. dxc5 Na6 7. Be3 Ne4 8.
Bd4 Bh6 9. Ne5 Nexc5 10. Ng4 Bg7 11. Bxg7 Kxg7 12. Nc3 d6 13. Ne3 Nc7 14. a3 f6
15. Qd2 Rb8 16. b4 N5e6 17. Ned5 Nxd5 18. Nxd5 b6 19. c4 Qd7 20. a4 Nd8 21. a5
e6 22. Nf4 b5 23. cxb5 Rxb5 24. Rfd1 Nf7 25. Rac1 d5 26. Rc2 Qd6 27. Rdc1 Bd7
28. Nd3 Rfb8 29. Rc7 R5b7 30. Rxb7 Rxb7 31. Nc5 Rb8 32. Rd1 Bc8 33. f4 Qe7 34.
e4 dxe4 35. Bxe4 e5 36. Bf3 g5 1/2-1/2

[Event "4MCRV_F"]
[Site "?"]
[Date "2004.??.??"]
[Round "?"]
[White "Kuchta, Jiri"]
[Black "Schwarz, Jan"]
[Result "1/2-1/2"]
[WhiteElo "2284"]
[BlackElo "2270"]
[PlyCount "136"]
[EventDate "2004.??.??"]
[EventType "corr"]
[SourceDate "2004.06.03"]

1. Nf3 c5 2. c4 Nc6 3. d4 cxd4 4. Nxd4 Nf6 5. Nc3 e6 6. Ndb5 Bc5 7. Bf4 e5 8.
Be3 Bxe3 9. Nd6+ Ke7 10. fxe3 Ne8 11. c5 Kf8 12. g3 Nxd6 13. cxd6 Qg5 14. Qd3
Qg6 15. Bg2 Qxd3 16. exd3 b6 17. Rc1 h5 18. Rf1 Bb7 19. Bd5 f6 20. Kd2 Rb8 21.
e4 Nd8 22. Bb3 a5 23. Nd5 Bxd5 24. Bxd5 Nf7 25. Rc7 Rd8 26. Rb7 Nxd6 27. Rxb6
Ke7 28. Ra6 h4 29. g4 Rb8 30. b3 Rb5 31. Rc1 Rc8 32. Rxc8 Nxc8 33. Ke3 Rc5 34.
Bc4 Nd6 35. Ra8 g6 36. Rg8 g5 37. Ra8 Nf7 38. a3 Nd8 39. d4 exd4+ 40. Kxd4 Rc7
41. Kd5 Nc6 42. h3 Na7 43. e5 fxe5 44. Rg8 Nc8 45. Kxe5 a4 46. Kd4 axb3 47.
Bxb3 Kf6 48. Rf8+ Kg6 49. Rf3 Ne7 50. Bf7+ Kg7 51. Be8 Nc6+ 52. Kd5 Nd8 53. Kd6
Ra7 54. Rf5 Rxa3 55. Kxd7 Nb7 56. Rxg5+ Kf6 57. Rf5+ Kg7 58. Rh5 Re3 59. Rg5+
Kf8 60. Bg6 Re7+ 61. Kc6 Nd8+ 62. Kd5 Re3 63. Rh5 Rxh3 64. Rh7 Ra3 65. Rxh4
Ra5+ 66. Ke4 Kg7 67. Bf5 Nf7 68. Rh1 Nh6 1/2-1/2

[Event "4MCRV_F"]
[Site "?"]
[Date "2004.??.??"]
[Round "?"]
[White "Kuchta, Jiri"]
[Black "Vozda, Jindrich"]
[Result "0-1"]
[WhiteElo "2284"]
[BlackElo "2494"]
[PlyCount "64"]
[EventDate "2004.??.??"]
[EventType "corr"]
[SourceDate "2004.06.03"]

1. Nf3 Nf6 2. g3 d5 3. Bg2 c6 4. O-O g6 5. d4 Bg7 6. Nbd2 O-O 7. c3 Re8 8. Ne5
Be6 9. f3 Nbd7 10. Nd3 c5 11. dxc5 Qc7 12. Nb3 Bf5 13. Be3 e5 14. g4 Be6 15. g5
Nh5 16. f4 Rad8 17. f5 Bxf5 18. Nb4 d4 19. cxd4 exd4 20. Nd5 Qb8 21. Bxd4 Ne5
22. Bxe5 Bxe5 23. Rxf5 gxf5 24. e3 Bxh2+ 25. Kh1 Ng3+ 26. Kxh2 Ne4+ 27. Kg1 Kh8
28. Rc1 Re5 29. Qd4 Rdxd5 30. Qb4 Qd8 31. g6 Re6 32. Bxe4 fxe4 0-1

[Event "4MCRV_F"]
[Site "?"]
[Date "2004.??.??"]
[Round "?"]
[White "Kuta, Jiri"]
[Black "Brousek, Jiri"]
[Result "0-1"]
[WhiteElo "2322"]
[BlackElo "2361"]
[PlyCount "60"]
[EventDate "2004.??.??"]
[EventType "corr"]
[SourceDate "2004.06.03"]

1. d4 e6 2. e4 d5 3. Nd2 dxe4 4. Nxe4 Bd7 5. Nf3 Bc6 6. Bd3 Nd7 7. O-O Ngf6 8.
Ng3 Be7 9. b3 O-O 10. Bb2 b6 11. Qe2 Bb7 12. c4 c5 13. Rad1 cxd4 14. Nxd4 Qc7
15. Ndf5 exf5 16. Qxe7 Rfe8 17. Qa3 g6 18. f3 h5 19. Ba1 h4 20. Nxf5 gxf5 21.
Bxf5 Qf4 22. Bxd7 Nxd7 23. Rxd7 Re2 24. Rd3 Qg5 25. Rf2 Rae8 26. Bc3 Kh7 27.
Bd4 Re1+ 28. Rf1 h3 29. g3 Rxf1+ 30. Kxf1 Qf5 0-1

[Event "4MCRV_F"]
[Site "?"]
[Date "2004.??.??"]
[Round "?"]
[White "Kuta, Jiri"]
[Black "Kuchta, Jiri"]
[Result "1/2-1/2"]
[WhiteElo "2322"]
[BlackElo "2284"]
[PlyCount "66"]
[EventDate "2004.??.??"]
[EventType "corr"]
[SourceDate "2004.06.03"]

1. d4 d5 2. c4 c6 3. Nf3 e6 4. Bg5 Qa5+ 5. Bd2 Qd8 6. Nc3 Nf6 7. e3 Nbd7 8. Bd3
dxc4 9. Bxc4 Bd6 10. O-O O-O 11. Qc2 e5 12. Bb3 h6 13. h3 Re8 14. Rad1 e4 15.
Nh4 Bb8 16. f3 Qc7 17. f4 Nf8 18. Be1 g5 19. Nb5 Qd8 20. fxg5 hxg5 21. Nf5 cxb5
22. Nh6+ Kg7 23. Nxf7 Qe7 24. Nxg5 Ng6 25. a3 a5 26. Bf7 Rh8 27. d5 Qd6 28. g4
Qe5 29. Bc3 Qg3+ 30. Qg2 Qxe3+ 31. Qf2 Qxf2+ 32. Rxf2 Be5 33. Rdf1 Bxc3 1/2-1/2

[Event "4MCRV_F"]
[Site "?"]
[Date "2004.??.??"]
[Round "?"]
[White "Kuta, Jiri"]
[Black "Nosek, Jaroslav"]
[Result "1/2-1/2"]
[WhiteElo "2322"]
[BlackElo "2297"]
[PlyCount "49"]
[EventDate "2004.??.??"]
[EventType "corr"]
[SourceDate "2004.06.03"]

1. d4 Nf6 2. c4 e6 3. Nc3 Bb4 4. Qc2 O-O 5. a3 Bxc3+ 6. Qxc3 b6 7. Bg5 Bb7 8.
f3 h6 9. Bh4 d5 10. e3 Nbd7 11. cxd5 Nxd5 12. Bxd8 Nxc3 13. Bh4 Nd5 14. Bf2 f5
15. Bb5 c6 16. Bd3 e5 17. Ne2 Rae8 18. O-O exd4 19. exd4 Nb8 20. Nc3 Ba6 21.
Bxa6 Nxa6 22. Nxd5 cxd5 23. Rac1 Rf7 24. Rc2 Rc7 25. Rxc7 1/2-1/2

[Event "4MCRV_F"]
[Site "?"]
[Date "2004.??.??"]
[Round "?"]
[White "Kuta, Jiri"]
[Black "Pravec, Ladislav"]
[Result "0-1"]
[WhiteElo "2322"]
[BlackElo "2350"]
[PlyCount "59"]
[EventDate "2004.??.??"]
[EventType "corr"]
[SourceDate "2004.06.03"]

1. d4 Nf6 2. c4 g6 3. Nc3 Bg7 4. e4 d6 5. f3 O-O 6. Be3 c5 7. Nge2 b6 8. Bd2
Ba6 9. dxc5 dxc5 10. Qa4 Qe8 11. Nb5 Bb7 12. Ng3 a6 13. Nc3 Nc6 14. Be2 Nd7 15.
O-O Nd4 16. Qd1 Rd8 17. Qc1 f5 18. exf5 gxf5 19. Bh6 Bxh6 20. Qxh6 Qg6 21.
Qxg6+ hxg6 22. Rae1 e5 23. Bd1 Bc6 24. Nge2 Rfe8 25. a3 Kg7 26. Ba4 Bxa4 27.
Nxa4 Kh6 28. Kf2 e4 29. fxe4 Ne5 30. Nc1 0-1

[Event "4MCRV_F"]
[Site "?"]
[Date "2004.??.??"]
[Round "?"]
[White "Kuta, Jiri"]
[Black "Priesol, Daniel"]
[Result "1/2-1/2"]
[WhiteElo "2322"]
[BlackElo "2304"]
[PlyCount "56"]
[EventDate "2004.??.??"]
[EventType "corr"]
[SourceDate "2004.06.03"]

1. d4 Nf6 2. c4 g6 3. Nc3 Bg7 4. e4 d6 5. f3 O-O 6. Be3 c5 7. Nge2 Nc6 8. d5
Ne5 9. Ng3 e6 10. Be2 exd5 11. cxd5 a6 12. Qd2 b5 13. Bh6 Re8 14. Bxg7 Kxg7 15.
O-O Qb6 16. Rac1 c4+ 17. Kh1 h5 18. f4 Neg4 19. Bxg4 Nxg4 20. Rf3 Bd7 21. h3
Rh8 22. Re1 b4 23. e5 bxc3 24. Qxc3 Kg8 25. Ne4 dxe5 26. fxe5 Bf5 27. Nd6 Nf2+
28. Kh2 Ng4+ 1/2-1/2

[Event "4MCRV_F"]
[Site "?"]
[Date "2004.??.??"]
[Round "?"]
[White "Kuta, Jiri"]
[Black "Splichal, Josef"]
[Result "1-0"]
[WhiteElo "2322"]
[BlackElo "2279"]
[PlyCount "105"]
[EventDate "2004.??.??"]
[EventType "corr"]
[SourceDate "2004.06.03"]

1. d4 Nf6 2. c4 c5 3. d5 e6 4. Nc3 exd5 5. cxd5 d6 6. e4 g6 7. h3 Bg7 8. Nf3
O-O 9. Bd3 Re8 10. O-O a6 11. a4 b6 12. Re1 Nbd7 13. Bf4 Qc7 14. Qd2 c4 15. Bc2
Bb7 16. Rad1 Rac8 17. g4 Qc5 18. Be3 Qb4 19. Rb1 Re7 20. Nd4 Nc5 21. Bh6 Nfd7
22. Bxg7 Kxg7 23. f4 Kg8 24. Qd1 Nb3 25. g5 Nxd4 26. Qxd4 Qc5 27. Qxc5 Rxc5 28.
Rbd1 Kg7 29. Kf2 b5 30. axb5 axb5 31. Ra1 b4 32. Ne2 h6 33. Ra7 Nb6 34. h4 Rc8
35. f5 Rd7 36. f6+ Kg8 37. Nd4 Kh7 38. h5 hxg5 39. hxg6+ fxg6 40. Rh1+ Kg8 41.
Rh6 b3 42. Bb1 c3 43. bxc3 Rxc3 44. Ne6 g4 45. Rxg6+ Kf7 46. e5 Rf3+ 47. Ke2
dxe5 48. Ng5+ Kf8 49. Be4 b2 50. Rh6 Rh3 51. Nxh3 gxh3 52. Bg6 Kg8 53. f7+ 1-0

[Event "4MCRV_F"]
[Site "?"]
[Date "2004.??.??"]
[Round "?"]
[White "Kuta, Jiri"]
[Black "Sykora, Josef"]
[Result "1/2-1/2"]
[WhiteElo "2322"]
[BlackElo "2399"]
[PlyCount "125"]
[EventDate "2004.??.??"]
[EventType "corr"]
[SourceDate "2004.06.03"]

1. d4 Nf6 2. c4 e6 3. Nf3 d5 4. Nc3 c6 5. Bg5 h6 6. Bxf6 Qxf6 7. e3 Nd7 8. Bd3
dxc4 9. Bxc4 g6 10. O-O Bg7 11. e4 O-O 12. e5 Qe7 13. Qe2 Rd8 14. Rad1 b5 15.
Bd3 Bb7 16. Be4 Nb6 17. Nb1 a5 18. Nbd2 a4 19. Rc1 Nd5 20. Bxd5 cxd5 21. Rc2 b4
22. Rfc1 Ba6 23. Qd1 Bf8 24. h3 Bd3 25. Rc7 Rd7 26. R7c6 Rda7 27. Ne1 Bb5 28.
R6c5 Rb8 29. Qf3 Qh4 30. Rc7 Rxc7 31. Rxc7 Be8 32. Qe3 Qd8 33. Rc1 Rc8 34. Ndf3
Bb5 35. Qd2 a3 36. b3 Rc7 37. h4 Qc8 38. Ra1 Rc3 39. Nh2 h5 40. Nhf3 Be7 41.
Ng5 Qc7 42. Rd1 Ba6 43. Qf4 Bf8 44. Qd2 Bh6 45. Kh1 Bb5 46. Ra1 Bf8 47. Rb1 Qb6
48. Qf4 Be8 49. Rd1 Qa6 50. Qd2 Bb5 51. Rc1 Qc8 52. Rd1 Bh6 53. Kg1 Ba6 54. Rb1
Qb8 55. Qf4 Qa7 56. Qd2 Qd7 57. Kh2 Qb5 58. Qf4 Rc7 59. Rd1 Qc6 60. Qf6 Qd7 61.
Qf4 Rc3 62. Qd2 Bb5 63. Kg1 1/2-1/2